[Event "Caspian Cup 19th"]
[Site "Rasht"]
[Date "2023.02.14"]
[Round "3"]
[White "Mohammad Fahad, Rahman"]
[Black "Khademi, Mahdi"]
[Result "1/2-1/2"]
[WhiteElo "2384"]
[BlackElo "2164"]
[PlyCount "137"]
[EventDate "2023.02.12"]
[EventType "swiss"]
[EventRounds "9"]
[EventCountry "IRI"]
[SourceTitle "EXT 2024"]
[Source "ChessBase"]
[SourceDate "2023.10.10"]
[SourceVersion "1"]
[SourceVersionDate "2023.10.10"]
[SourceQuality "1"]

1. d4 Nf6 2. c4 e6 3. Nc3 d5 4. Nf3 Be7 5. Bf4 Nh5 6. Be5 c6 7. e3 Nd7 8. Bg3 0-0 9. Bd3 dxc4 10. Bxc4 Qa5 11. Bd3 Rd8 12. a3 Nxg3 13. hxg3 g6 14. b4 Qc7 15. Qb3 a5 16. 0-0 e5 17. Rac1 axb4 18. axb4 Qb6 19. b5 exd4 20. exd4 Ra3 21. Qc2 Nf6 22. Nb1 Ra7 23. bxc6 bxc6 24. Nbd2 Nd5 25. Nc4 Qc7 26. Nce5 Nb4 27. Qb3 Be6 28. Bc4 Nd5 29. Bb5 c5 30. dxc5 Rb8 31. Rfe1 Bxc5 32. Qc4 Bb4 33. Red1 Nc3 34. Qxb4 Ne2+ 35. Bxe2 Rxb4 36. Rxc7 Rxc7 37. Nd4 Bc8 38. Ndc6 Rb2 39. Bc4 Kg7 40. Rd8 Rc2 41. Bxf7 R2xc6 42. Nxc6 Rxc6 43. Bd5 Rc1+ 44. Kh2 Bf5 45. Rg8+ Kf6 46. Rf8+ Ke5 47. Bb3 h5 48. f3 Rb1 49. Bg8 Rc1 50. Ra8 Kd4 51. Ra6 Rc7 52. Be6 Bd3 53. Rd6+ Ke3 54. g4 h4 55. g5 Bf1 56. Bh3 Bd3 57. Rf6 Rc5 58. f4 Be4 59. f5 gxf5 60. g6 f4 61. g7 Rg5 62. Rf7 Bd5 63. Rf5 Rxf5 64. Bxf5 f3 65. gxf3 Kxf3 66. Bd3 Kg4 67. Be4 Bg8 68. Bb7 Kg5 69. Bc8 1/2-1/2

[Event "Fars Province-ch"]
[Site "Shiraz"]
[Date "2017.07.24"]
[Round "8"]
[White "Mari Ooriad, Pouya"]
[Black "Khademi, Mahdi"]
[Result "0-1"]
[WhiteElo "2226"]
[BlackElo "2059"]
[PlyCount "68"]
[EventDate "2017.07.19"]
[EventType "swiss"]
[EventRounds "11"]
[EventCountry "IRI"]
[SourceTitle "CBM 187 Extra"]
[Source "ChessBase"]
[SourceDate "2018.11.04"]
[SourceVersion "1"]
[SourceVersionDate "2018.11.04"]
[SourceQuality "1"]

1. e4 e5 2. Nc3 Bc5 3. g3 Nf6 4. Bg2 0-0 5. Nge2 Nc6 6. 0-0 a6 7. h3 d6 8. Kh2 b5 9. f4 Bb7 10. d3 Qd7 11. fxe5 dxe5 12. Rxf6 gxf6 13. Nd5 Qd8 14. Bh6 Kh8 15. Bxf8 Bxf8 16. Qf1 Bg7 17. Qf2 Bc8 18. Qc5 Qd6 19. Qf2 Nb4 20. Nec3 Nc6 21. Ne3 Nd4 22. Nf5 Nxf5 23. exf5 Rb8 24. Qa7 Qb6 25. Qxb6 Rxb6 26. Nd5 Rd6 27. Nxc7 Bxf5 28. b4 Bd7 29. c4 Rxd3 30. Nxa6 Rd2 31. Kh1 f5 32. Nb8 e4 33. Rc1 Bb2 34. Rb1 bxc4 0-1

[Event "Fars Province-ch"]
[Site "Shiraz"]
[Date "2017.07.23"]
[Round "7"]
[White "Khademi, Mahdi"]
[Black "Salehi, Mehrdad"]
[Result "1-0"]
[WhiteElo "2059"]
[BlackElo "1807"]
[PlyCount "133"]
[EventDate "2017.07.19"]
[EventType "swiss"]
[EventRounds "11"]
[EventCountry "IRI"]
[SourceTitle "CBM 187 Extra"]
[Source "ChessBase"]
[SourceDate "2018.11.04"]
[SourceVersion "1"]
[SourceVersionDate "2018.11.04"]
[SourceQuality "1"]

1. e4 d5 2. exd5 Qxd5 3. Nc3 Qd6 4. Bc4 Nf6 5. d4 g6 6. Nf3 Bg7 7. 0-0 c6 8. Re1 0-0 9. h3 Nbd7 10. Qe2 Nb6 11. Bb3 e6 12. Bg5 Nbd5 13. Ne4 Nxe4 14. Qxe4 b5 15. Rad1 a5 16. a4 b4 17. Ne5 Ba6 18. Nd3 Bxd3 19. Qxd3 Rfe8 20. Bh4 Ne7 21. Bg3 Qd7 22. c3 Nf5 23. Bf4 Qb7 24. Bc2 Ne7 25. Qf3 Nd5 26. Bc1 Rac8 27. Re2 Qd7 28. Bb3 Qa7 29. Rde1 Qd7 30. Bg5 bxc3 31. bxc3 Qd6 32. Bh4 Qf4 33. Bxd5 Qxh4 34. Bxc6 Red8 35. d5 exd5 36. Bxd5 Qf6 37. Qxf6 Bxf6 38. c4 Bc3 39. Rb1 Bb4 40. Kf1 Re8 41. f4 Kg7 42. Rc1 Bc5 43. Rcc2 Re3 44. Rxe3 Bxe3 45. Re2 Bc5 46. Rb2 Bb4 47. Kf2 Re8 48. Rb3 Bc5+ 49. Kf3 Bb4 50. Rd3 Rd8 51. g4 Re8 52. Bc6 Re7 53. Rd5 Rc7 54. Bb5 Kf6 55. Ke4 Re7+ 56. Kd4 Re1 57. c5 Rd1+ 58. Bd3 Rc1 59. f5 Bc3+ 60. Kc4 Bb4+ 61. Kb5 Ke7 62. c6 Rc3 63. Rd7+ Ke8 64. Bc4 Be7 65. Ra7 gxf5 66. Ra8+ Bd8 67. c7 1-0

[Event "Asia-ch U20 Rapid"]
[Site "Shiraz"]
[Date "2017.05.02"]
[Round "1.2"]
[White "Mosadeghpour, Masoud"]
[Black "Khademi, Mahdi"]
[Result "1-0"]
[WhiteElo "2416"]
[BlackElo "1816"]
[PlyCount "26"]
[EventDate "2017.05.02"]
[EventType "swiss (rapid)"]
[EventRounds "7"]
[EventCountry "IRI"]
[SourceTitle "EXT 2024"]
[Source "ChessBase"]
[SourceDate "2023.10.10"]
[SourceVersion "1"]
[SourceVersionDate "2023.10.10"]
[SourceQuality "1"]

1. Nc3 b6 2. e4 Bb7 3. d4 e6 4. Nf3 Bb4 5. Bd3 Nf6 6. Qe2 d5 7. e5 Ne4 8. Bd2 Nxd2 9. Qxd2 Nd7 10. a3 Be7 11. 0-0-0 c5 12. Bb5 a6 13. Bxd7+ Qxd7 1-0